000 00285nam a22001337a 4500
008 210301b ||||| |||| 00| 0 eng d
020 _a9780073532318
041 _aeng
080 _28th
_a510
100 _a37
101 _aMAT
245 _aCalculus
_cHoffmann,D.L
942 _2udc
_cBK
999 _c55393
_d55393